<?xml version="1.0" encoding="UTF-8"?>
<record
    xmlns:xsi="http://www.w3.org/2001/XMLSchema-instance"
    xsi:schemaLocation="http://www.loc.gov/MARC21/slim http://www.loc.gov/standards/marcxml/schema/MARC21slim.xsd"
    xmlns="http://www.loc.gov/MARC21/slim">

  <leader>02901njm a2200397 c 4500</leader>
  <controlfield tag="001"> </controlfield>
  <controlfield tag="003">DO-SdBNP</controlfield>
  <controlfield tag="005">20240312073634.0</controlfield>
  <controlfield tag="008">160127s 1997 mx    d     spa</controlfield>
  <datafield tag="015" ind1=" " ind2=" ">
    <subfield code="a"> </subfield>
  </datafield>
  <datafield tag="017" ind1=" " ind2=" ">
    <subfield code="a"> </subfield>
    <subfield code="b"> </subfield>
  </datafield>
  <datafield tag="020" ind1=" " ind2=" ">
    <subfield code="a">9681649109</subfield>
  </datafield>
  <datafield tag="035" ind1=" " ind2=" ">
    <subfield code="a"> </subfield>
  </datafield>
  <datafield tag="040" ind1=" " ind2=" ">
    <subfield code="a">BPMSU</subfield>
    <subfield code="b">spa</subfield>
    <subfield code="c">BPMSU</subfield>
    <subfield code="e"> </subfield>
  </datafield>
  <datafield tag="082" ind1=" " ind2="4">
    <subfield code="a">972.45</subfield>
    <subfield code="b">G216g 1997</subfield>
    <subfield code="2">22</subfield>
  </datafield>
  <datafield tag="084" ind1=" " ind2=" ">
    <subfield code="a"> </subfield>
    <subfield code="2"> </subfield>
  </datafield>
  <datafield tag="100" ind1="1" ind2=" ">
    <subfield code="a">Garc&#xED;a Ugarte, Marta Eugenia,  </subfield>
    <subfield code="d">1944- </subfield>
    <subfield code="4"> </subfield>
  </datafield>
  <datafield tag="240" ind1="1" ind2="0">
    <subfield code="a"> </subfield>
    <subfield code="n"> </subfield>
    <subfield code="r"> </subfield>
  </datafield>
  <datafield tag="245" ind1="1" ind2="0">
    <subfield code="a">G&#xE9;nesis del porvenir :</subfield>
    <subfield code="b">sociedad y pol&#xED;tica en Quer&#xE9;taro (1913-1940) /  </subfield>
    <subfield code="c">Marta Eugenia Garc&#xED;a Ugarte ; pr&#xF3;logo de David A. Brading. </subfield>
  </datafield>
  <datafield tag="260" ind1=" " ind2=" ">
    <subfield code="a">M&#xE9;xico :</subfield>
    <subfield code="b">Fondo de Cultura Econon&#xF3;mica, </subfield>
    <subfield code="c">1997</subfield>
  </datafield>
  <datafield tag="300" ind1=" " ind2=" ">
    <subfield code="a">516 p. :</subfield>
    <subfield code="b">ils., mapas  </subfield>
    <subfield code="c">23 cm.</subfield>
    <subfield code="e"> </subfield>
  </datafield>
  <datafield tag="490" ind1="0" ind2=" ">
    <subfield code="a">Secci&#xF3;n de obras de historia </subfield>
  </datafield>
  <datafield tag="500" ind1=" " ind2=" ">
    <subfield code="a"> Incluye bibliograf&#xED;as e &#xED;ndice. </subfield>
  </datafield>
  <datafield tag="504" ind1=" " ind2=" ">
    <subfield code="a"> </subfield>
  </datafield>
  <datafield tag="505" ind1="0" ind2=" ">
    <subfield code="a"> Defensa de la paz en tiempos de guerra. Promesas del porvenir: entre la tradici&#xF3;n y el cambio revolucionario. Consecuencias del Plan de Agua Prieta. Disidencia obregonista: descr&#xE9;dito del r&#xE9;gimen revolucionario. Etapa de intransigencias: disputa por el espacio social. El gobernador Saturnino Osornio y sus organizados. Consideraciones finales.</subfield>
  </datafield>
  <datafield tag="520" ind1=" " ind2=" ">
    <subfield code="a">M&#xE9;xico ejerci&#xF3; un atractivo singular, hecho de fascinaci&#xF3;n y terror, sobre varios escritores anglosajones notables del siglo XX. Pero s&#xF3;lo en Malcolm Lowry la mezcla de la vida y la obra alcanza abismos en verdad infernales, volc&#xE1;nicos, como hay tantos en la geograf&#xED;a mexicana. Los devotos lectores de Bajo el volc&#xE1;n (1947) -sin exageraci&#xF3;n, una de las cumbres literarias del siglo XX- supieron siempre que aquella novela magistral escond&#xED;a claves personales que ped&#xED;an una biograf&#xED;a definitiva que las revelara. Nadie mejor que Gordon Bowker para escribirla. Bi&#xF3;grafo de Orwell y Durrell y compilador editorial de Lowry, Bowker explora con detalle acucioso, a partir de fuentes y testimonios hasta ahora desconocidos, y con una sensibilidad a un tiempo cuidadosa y descarnada, el laberinto existencial de Lowry: el insensato suicidio al que orill&#xF3; a un amigo de la juventud y la estela de culpa; el alcoholismo agresivo; sus dos matrimonios; la p&#xE9;rdida de sus manuscritos; el incendio de su casa; su tr&#xE1;nsito por ciudades, prisiones, cantinas y sanatorios; su torturada relaci&#xF3;n con m&#xE9;dicos, editores, familiares, doctores; su misteriosa muerte. </subfield>
  </datafield>
  <datafield tag="534" ind1=" " ind2=" ">
    <subfield code="p">T&#xED;tulo original : </subfield>
    <subfield code="t">Persued by furies. A life of Malcolm Lowry  </subfield>
  </datafield>
  <datafield tag="590" ind1=" " ind2=" ">
    <subfield code="a">Inventariado, 2024/VM</subfield>
  </datafield>
  <datafield tag="651" ind1=" " ind2="4">
    <subfield code="a">Quer&#xE9;taro (M&#xE9;xico) </subfield>
    <subfield code="y">913-1940.  </subfield>
    <subfield code="x">Historia </subfield>
  </datafield>
  <datafield tag="651" ind1=" " ind2="4">
    <subfield code="a">Quer&#xE9;taro (M&#xE9;xico)</subfield>
    <subfield code="y">1910-1946. </subfield>
    <subfield code="x">Pol&#xED;tica y gobierno </subfield>
  </datafield>
  <datafield tag="651" ind1=" " ind2="4">
    <subfield code="a">Quer&#xE9;taro (M&#xE9;xico) </subfield>
    <subfield code="y">1910-1946.</subfield>
    <subfield code="x">Condiciones sociales </subfield>
  </datafield>
  <datafield tag="651" ind1=" " ind2="4">
    <subfield code="a">Quer&#xE9;taro (M&#xE9;xico) </subfield>
    <subfield code="y">1910-1946. </subfield>
    <subfield code="x">Condiciones econ&#xF3;micas </subfield>
  </datafield>
  <datafield tag="700" ind1="1" ind2=" ">
    <subfield code="a"> Brading, David A. </subfield>
    <subfield code="e">pr&#xF3;l. </subfield>
    <subfield code="d"> </subfield>
    <subfield code="t"> </subfield>
    <subfield code="m"> </subfield>
    <subfield code="n"> </subfield>
    <subfield code="r"> </subfield>
  </datafield>
  <datafield tag="910" ind1=" " ind2=" ">
    <subfield code="a">VMateo V. Control de calidad. BPMSU</subfield>
  </datafield>
  <datafield tag="942" ind1=" " ind2=" ">
    <subfield code="2">ddc</subfield>
    <subfield code="c">BK</subfield>
  </datafield>
  <datafield tag="952" ind1=" " ind2=" ">
    <subfield code="0">0</subfield>
    <subfield code="1">0</subfield>
    <subfield code="2">ddc</subfield>
    <subfield code="4">0</subfield>
    <subfield code="7">0</subfield>
    <subfield code="8">CG</subfield>
    <subfield code="a">BPMET</subfield>
    <subfield code="b">BPMET</subfield>
    <subfield code="d">2024-03-11</subfield>
    <subfield code="l">0</subfield>
    <subfield code="o">BPMSU CG 972.45 G216g 1997</subfield>
    <subfield code="p">BPMSU24030017</subfield>
    <subfield code="r">2024-03-11</subfield>
    <subfield code="w">2024-03-11</subfield>
    <subfield code="y">BK</subfield>
  </datafield>
  <datafield tag="952" ind1=" " ind2=" ">
    <subfield code="0">0</subfield>
    <subfield code="1">0</subfield>
    <subfield code="2">ddc</subfield>
    <subfield code="4">0</subfield>
    <subfield code="7">0</subfield>
    <subfield code="8">CG</subfield>
    <subfield code="a">BPMET</subfield>
    <subfield code="b">BPMET</subfield>
    <subfield code="d">2024-03-11</subfield>
    <subfield code="l">0</subfield>
    <subfield code="o">BPMSU CG 972.45 G216g 1997</subfield>
    <subfield code="p">BPMSU24030018</subfield>
    <subfield code="r">2024-03-11</subfield>
    <subfield code="t">e.2</subfield>
    <subfield code="w">2024-03-11</subfield>
    <subfield code="y">BK</subfield>
  </datafield>
  <datafield tag="952" ind1=" " ind2=" ">
    <subfield code="0">0</subfield>
    <subfield code="1">0</subfield>
    <subfield code="2">ddc</subfield>
    <subfield code="4">0</subfield>
    <subfield code="7">0</subfield>
    <subfield code="8">CG</subfield>
    <subfield code="a">BPMET</subfield>
    <subfield code="b">BPMET</subfield>
    <subfield code="d">2024-03-11</subfield>
    <subfield code="l">0</subfield>
    <subfield code="o">BPMSU CG 972.45 G216g 1997</subfield>
    <subfield code="p">BPMSU24030019</subfield>
    <subfield code="r">2024-03-11</subfield>
    <subfield code="t">e.3</subfield>
    <subfield code="w">2024-03-11</subfield>
    <subfield code="y">BK</subfield>
  </datafield>
  <datafield tag="999" ind1=" " ind2=" ">
    <subfield code="c">14583</subfield>
    <subfield code="d">14583</subfield>
  </datafield>
</record>
